000 01418nmc a2200445 a 4500
003 AR-BaBNM
005 20251128211739.0
008 106020s2004 ||||||||||||||000 | spa||
020 _a84-8063-692-0
040 _cAR-BaBNM
245 1 0 _aManual de tutoría universitaria
_brecursos para la acción
250 _a1ª ed.
260 _aBarcelona
_bOctaedro
_c2004
_bICE
300 0 _a171 p.
_e1 CD-ROM
490 0 _aEducación universitaria
500 0 _aSolicitar el material complementario en Mediateca no. 750889
504 _aContiene referencias bibliográficas
610 2 4 _aUniversitat de Barcelona
650 4 _aENSENANZA UNIVERSITARIA
650 4 _aTUTORIA
650 4 _aPROFESORES-TUTORES
650 4 _aOBJETIVOS DE LA ORIENTACION
650 4 _aESTUDIANTES UNIVERSITARIOS
651 4 _aEspaña
653 0 _aORIENTACION EDUCATIVA
653 0 _aEDUCACION SUPERIOR
653 0 _aEXPERIENCIAS EDUCATIVAS
700 1 _aRodríguez Espinar, Sebastián
_ecoordinador
700 1 _aAlvarez Gonzalez, Manuel
700 1 _aDorio Alcaraz, Inmaculada
700 1 _aFiguera Mazo, Pilar
700 1 _aFita Lladó, Eva
700 1 _aForner Martínez, Angel
700 1 _aTorrado Fonseca, Mercedes
700 1 _aHomar, Juan Manuel
_ecolaborador
700 1 _aMauri Majós, Teresa
_ecolaborador
700 1 _aNogué Gelma, Mercedes
_ecolaborador
942 _cBK
998 _cme-solo cat
999 _c20938
_d20938